Logo BPK

Bibliografia Prac Pracowników

Politechniki Koszalińskiej

Dilatative and refractive properties of diglycine nitrate cristals in the range of phase transition / (Rekord nr 36)

Szczegóły MARC
000 -ETYKIETA REKORDU
podpole kontrolne o stałej długości 00821nab a2200205 i 4500
001 - NUMER KONTROLNY REKORDU
podpole kontrolne BPP
003 - IDENTYFIKATOR NUMERU KONTROLNEGO REKORDU
podpole kontrolne BPK
005 - DATA OSTATNIEJ MODYFIKACJI REKORDU
podpole kontrolne 20151210094005.0
008 - POLE O STAŁEJ DŁUGOŚCI - DANE KONTROLNE
podpole kontrolne o stałej długości 151210s2002 ne | | |000 ||eng
040 ## - ŹRÓDŁO KATALOGOWANIA
Instytucja, która utworzyła rekord BPK
041 ## - KOD JĘZYKA
Kod języka tekstu eng
044 ## - KOD KRAJU WYDAWCY/PRODUCENTA
Kod kraju wydawcy/producenta NLD
100 ## - NAZWA OSOBOWA
Nazwa osobowa ANDRIYEVSKYY, Bohdan.
Lata pracy 2001 - .
Instytucja Politechnika Koszalińska - Wydział Elektroniki,
Wydział Katedra Podstaw Elektroniki
245 ## - TYTUŁ/ODPOWIEDZIALNOŚĆ
Tytuł Dilatative and refractive properties of diglycine nitrate cristals in the range of phase transition /
Pozostałe elementy strefy tytułu i oznaczenia odpowiedzialności B. Andriyevsky, Z. Czapla, Yu. Dumka, S. Dacko, V. Kardash.
260 ## - STREFA ADRESU WYDAWNICZEGO
Data publikacji, dystrybucji/powstania dokumentu 2002.
500 ## - UWAGI OGÓLNE
Tekst uwagi Dane z Informatora o publikowanych wynikach prac naukowo-badawczych w 2002 roku Wydziału Elektroniki.
650 ## - HASŁO PRZEDMIOTOWE W FORMIE NAZWY OGÓLNEJ LUB JEDNOSTKOWEJ
Nazwa ogólna lub geograficzna Ferroelektryki.
773 ## - TYTUŁ DOKUMENTU MACIERZYSTEGO
Wyrażenie wprowadzające W :
Tytuł Materials Science and Engineering : B. -
Informacje dotyczące relacji 2002 ; 95, s. 14-18
942 ## - HASŁO DODATKOWE - ELEMENTY(KOHA)
Typ dokumentu Artykuł
Schemat klasyfikacji Uniwersalna klasyfikacja dziesiętna

Brak dostępnych egzemplarzy.

© 2014 Biblioteka Politechniki Koszalińskiej :: BIBLIOGRAFIA PRAC PRACOWNIKÓW